000 00563nam a2200193Ia 4500
008 230125s9999 xx 000 0 und d
020 _a981-4066-419
041 _aeng
082 _a005.74
_bO''''NE O'
100 _aO''Nell P
_9108896
245 _aDatabase-principles, programming and performance
260 _c1994
_bHarcourt Asia
_aSingapore
300 _a870p
500 _aDabase management system,DBMS
500 _aDBMS;Database management system
650 _aComputer Management
700 _aO''Nell P & O''Nell E
_9108897
999 _c85634
_d85634